Statistics for Scientists by Achievement #2

Click here to take the quiz!

General Stats

  • This quiz has been taken 61 times
  • The average score is 11 of 25

Answer Stats

HintAnswer% Correct
Serbian-American inventor who developed an AC induction motorNikola Tesla
90%
Invented the lightbulb, famous rival of the answer to question 1Thomas Edison
76%
Discovered that wires carrying electric current can attract and repel magnetically; the SI unit of electrical current is named after himAndré-Marie Ampère
67%
His work on pea plants led him to coin the terms 'dominant' and 'recessive' traitsGregor Mendel
67%
Polymath who invented the telegraph and Morse codeSamuel Morse
67%
Founder of quantum mechanics who introduced quantisation of angular momentumNiels Bohr
62%
First proposed a model of the atom like a 'solar system' where tiny electrons orbit a positive nucleusErnest Rutherford
57%
The unit of frequency is named after this physicist who proved the existence of EM wavesHeinrich Hertz
57%
Famous for his three laws of planetary motionJohannes Kepler
57%
Developed the world's first nuclear reactor; particles with half-integer spin are named after himEnrico Fermi
52%
Cambridge researchers who suggested the double-helix structure of DNAJames Watson / Francis Crick
52%
Chemist most noted for his discovery of the role played by oxygen in combustionAntoine Lavoisier
48%
The SI unit of radioactivity is named after this scientistHenri Becquerel
43%
Discovered the first of the gas laws, relating a gas's pressure to its volumeRobert Boyle
43%
The first computer programmer; collaborated with Charles BabbageAda Lovelace
38%
Credited with the discovery of atomsJohn Dalton
38%
Discovered the density of DNA and established its helical form of the moleculeRosalind Franklin
38%
Discovered hydrogenHenry Cavendish
33%
His law states that the tension in a spring is directly proportional to the length it is stretched toRobert Hooke
29%
Best known for his inverse-square law of electrostatic attraction and repulsionCharles-Augustin de Coulomb
24%
Discovered the positronCarl Anderson
14%
The constant named after this physicist is equal to 1.38 x 10⁻²³ J/KLudwig Boltzmann
14%
Discovered pulsarsJocelyn Bell Burnell
10%
Discovered the element protactinium and nuclear fissionLise Meitner
10%
German crystallographer and pioneer in XRD after whom a sphere in reciprocal space is namedPaul Peter Ewald
10%

Score Distribution

Percentile by Number Answered

Percent of People with Each Score

Your Score History

You have not taken this quiz